000 01110nas a2200289 i 4500
001 2313
003 ES-MaACL
005 20250814062558.0
007 t|
008 950801d19401941sp | | 1 ||pa d
022 _a0371-9022
080 _a57
245 0 0 _aTrabajos del Laboratorio de Bioquímica y Química aplicada /
_c[dir. Antonio de Gregorio Rocasolano].
260 _a[Madrid] :
_bInstituto "Alonso Barba" ;
_a[Zaragoza] :
_bUniversidad de Zaragoza, Facultad de Ciencias,
_c1940-1941.
300 _av ;
_c22 cm.
310 _aAnual
362 0 _aSerie 2, v. 1 [1940]-serie 2, v. 2/3 [1941]
594 _aPrecede al tít.: Consejo Superior de Investigaciones Científicas, Patronato "Alfonso X el Sabio"
650 4 _aInstituciones científicas y diversas
_913829
650 1 7 _aBiología
_2embne
_910580
700 1 _aRocasolano, Gregorio de,
_edir.
_9194465
710 2 _aConsejo Superior de Investigaciones Científicas (España)
_93236
710 2 _aInstituto Alonso Barba de Química.
_94791
852 _aES-MaACL
_jP-800-bis
866 0 _o1940-1941
999 _c2313
_d2313